| 000 | 02317pam a2200577 c 4500 | ||
|---|---|---|---|
| 001 | 1079408479 | ||
| 003 | DE-101 | ||
| 005 | 20260108144501.0 | ||
| 007 | tu | ||
| 008 | 151127s2016 gw ||||| |||| 00||||ger | ||
| 015 |
_a16,A44 _z15,N49 _2dnb |
||
| 016 | 7 |
_2DE-101 _a1079408479 |
|
| 020 |
_a9783551761064 _cBroschur : EUR 7.20 (AT), sfr 10.50 (freier Pr.), EUR 6.99 (DE) |
||
| 020 | _a355176106X | ||
| 024 | 3 | _a9783551761064 | |
| 035 | _a(DE-599)DNB1079408479 | ||
| 035 | _a(OCoLC)957155146 | ||
| 035 | _a(OCoLC)932033422 | ||
| 040 |
_a1245 _bger _cDE-101 _d9999 _erda |
||
| 041 |
_ager _hjpn |
||
| 044 | _cXA-DE-HH | ||
| 082 | 7 | 4 |
_82\p _a741.5 _qDE-101 _223sdnb |
| 100 | 1 |
_0(DE-588)1131739876 _0https://d-nb.info/gnd/1131739876 _0(DE-101)1131739876 _aAiba, Kyōko _d1989- _eVerfasser _4aut _eKünstler _4art _2gnd |
|
| 240 | 1 | 0 | _aHaisha nante kirai da! |
| 245 | 1 | 0 |
_aI hate the dentist! _cKyoko Aiba ; aus dem Japanischen von Alexandra Klepper |
| 250 | _aDeutsche Ausgabe, 1. Aufl. | ||
| 264 | 1 |
_aHamburg _bCarlsen Verlag GmbH _c[2016] |
|
| 300 |
_acirca 194 Seiten _c18 cm |
||
| 336 |
_aText _btxt _2rdacontent |
||
| 336 |
_aunbewegtes Bild _bsti _2rdacontent |
||
| 337 |
_aohne Hilfsmittel zu benutzen _bn _2rdamedia |
||
| 338 |
_aBand _bnc _2rdacarrier |
||
| 490 | 0 | _aCarlsen Manga! | |
| 490 | 0 | _aBoys love | |
| 653 | _a(Produktform)Paperback / softback | ||
| 653 | _a(Zielgruppe)ab 15 Jahre bis 77 Jahre | ||
| 653 | _a(BISAC Subject Heading)CGN004210 | ||
| 653 | _aBoys Love | ||
| 653 | _aBoyslove | ||
| 653 | _aManga-Einzelband | ||
| 653 | _aSchwule Liebe | ||
| 653 | _aZahnarzt | ||
| 653 | _a(VLB-WN)1182: Hardcover, Softcover / Belletristik/Comic, Cartoon, Humor, Satire/Manga, Manhwa | ||
| 655 | 7 |
_0(DE-588)4010427-8 _0https://d-nb.info/gnd/4010427-8 _0(DE-101)040104273 _aComic _2gnd-content |
|
| 710 | 2 |
_81\p _0(DE-588)2036434-9 _0https://d-nb.info/gnd/2036434-9 _0(DE-101)00492004X _aCarlsen Verlag _eVerlag _4pbl _2gnd |
|
| 856 | 4 | 2 |
_mX:MVB _qtext/html _uhttp://deposit.dnb.de/cgi-bin/dokserv?id=8f8ab86528694c3abcb0ba3acf89113f&prov=M&dok_var=1&dok_ext=htm _3Inhaltstext |
| 883 | 1 |
_81\p _aadb _d20211002 _qDE-101 _uhttps://d-nb.info/provenance/plan#adb |
|
| 883 | 2 |
_82\p _adnb _d20160229 _qDE-101 _uhttps://d-nb.info/provenance/plan#dnb |
|
| 942 |
_2ddc _cMGA _n0 |
||
| 999 |
_c1459 _d1459 |
||